000 00276nam a2200109 a 4500
005 20200930080339.0
008 120402s2012 000 spa d
020 _a9789945410648
245 3 _aLa revolución de abril 1965.
260 _aSanto Domingo,
_c2012.
999 _c36893
_d36893
040 _aDO-SdBNP